Revolution in Africa. (Record no. 40774)
[ view plain ]
| 000 -LEADER | |
|---|---|
| fixed length control field | 00738nam a2200253 a 4500 |
| 001 - CONTROL NUMBER | |
| control field | 40774 |
| 003 - CONTROL NUMBER IDENTIFIER | |
| rucl marc code | BD-RjUL |
| 005 - DATE AND TIME OF LATEST TRANSACTION | |
| control field | 20211209053258.0 |
| 008 - FIXED-LENGTH DATA ELEMENTS--GENERAL INFORMATION | |
| fixed length control field | 160510s1961 nyu 000 0 eng |
| 035 ## - SYSTEM CONTROL NUMBER | |
| System control number | (BD-RjUL)40889 |
| System control number | (OCoLC)413848 |
| 040 ## - CATALOGING SOURCE | |
| Original cataloging agency | DLC |
| Transcribing agency | ODaWU |
| Modifying agency | OCoLC |
| -- | NcRS |
| -- | Uk |
| -- | BD-RjUL |
| Language of cataloging | eng |
| 041 ## - LANGUAGE CODE | |
| Language code of text/sound track or separate title | eng |
| 082 ## - DEWEY DECIMAL CLASSIFICATION NUMBER | |
| Classification number | 960.3 |
| Edition number | 23 |
| Author mark and year | PAR 1961 |
| 100 10 - MAIN ENTRY--PERSONAL NAME | |
| Personal name | Pannikar, K. Mandu |
| Fuller form of name | (Kavalam Madhusudan), |
| Dates associated with a name | 1923 |
| 9 (RLIN) | 125470 |
| 245 10 - TITLE STATEMENT | |
| Title | Revolution in Africa. |
| Statement of responsibility, etc. | K. Mandu Pannikar |
| 260 ## - PUBLICATION, DISTRIBUTION, ETC. (IMPRINT) | |
| Place of publication, distribution, etc. | New York, |
| Name of publisher, distributor, etc. | Asia Pub. House |
| Date of publication, distribution, etc. | [1961] |
| 300 ## - PHYSICAL DESCRIPTION | |
| Pagination | 202 p. : |
| Illustrations | illus. |
| Size | 23 cm. |
| 650 #0 - SUBJECT ADDED ENTRY--TOPICAL TERM | |
| Topical term or geographic name as entry element | Nationalism |
| 9 (RLIN) | 121548 |
| 651 #0 - SUBJECT ADDED ENTRY--GEOGRAPHIC NAME | |
| Geographic name | Africa |
| General subdivision | History |
| 9 (RLIN) | 125471 |
| Geographic name | Guinea |
| General subdivision | History |
| 9 (RLIN) | 125472 |
| 942 ## - ADDED ENTRY ELEMENTS (KOHA) | |
| Source of classification or shelving scheme | Dewey Decimal Classification |
| Koha item type | Books |
| Lost status | Source of classification or shelving scheme | Damaged status | Not for loan | Collection code | Permanent Location | Current Location | Shelving location | Date acquired | Source of acquisition | Cost, normal purchase price | Total Checkouts | Full call number | Date last seen | Copy number | Koha item type |
|---|---|---|---|---|---|---|---|---|---|---|---|---|---|---|---|
| Dewey Decimal Classification | Non-fiction | Central Library, University of Rajshahi | Central Library, University of Rajshahi | 05/04/1965 | Gereen local | 13.42 | 960.3 PAR 1961 | 10/05/2016 | C-2 | Books | |||||
| Dewey Decimal Classification | Central Library, University of Rajshahi | Central Library, University of Rajshahi | 06/04/1967 | Euro Book | 15.00 | 960.3 PAR 1961 | 10/05/2016 | C-3 | Books |